Civismo : (Record no. 210056)

MARC details
000 -CABECERA
campo de control de longitud fija 00683cam a22002177a 4500
003 - IDENTIFICADOR DEL NÚMERO DE CONTROL
campo de control MX-MxUPN
005 - FECHA Y HORA DE LA ÚLTIMA TRANSACCIÓN
campo de control 20240305063740.0
008 - ELEMENTOS DE LONGITUD FIJA--INFORMACIÓN GENERAL
campo de control de longitud fija 230816s1964 mx||||||r|||| 000 0 spa d
040 ## - FUENTE DE LA CATALOGACIÓN
Centro catalogador/agencia de origen MX-MxUPN
Lengua de catalogación spa
050 #4 - SIGNATURA TOPOGRÁFICA DE LA BIBLIOTECA DEL CONGRESO
Número de clasificación LB1643 M63
Número de documento/Ítem L64 1964
100 1# - ASIENTO PRINCIPAL--NOMBRE PERSONAL
9 (RLIN) 49954
Nombre de persona López González Pacheco, Agustín
100 1# - ASIENTO PRINCIPAL--NOMBRE PERSONAL
9 (RLIN) 49956
Nombre de persona González Villaseñor, José
245 10 - MENCIÓN DE TÍTULO
Título Civismo :
Resto del título tercero de secundaria
246 14 - FORMA VARIANTE DE TÍTULO
Título propio/Titulo breve Civismo :
Resto del título tercer año
250 ## - MENCIÓN DE EDICIÓN
Mención de edición Segunda edición
260 ## - PUBLICACIÓN, DISTRIBUCIÓN, ETC.
Lugar de publicación, distribución, etc. México, D.F.:
Nombre del editor, distribuidor, etc. Progreso,
Fecha de publicación, distribución, etc. 1964
300 ## - DESCRIPCIÓN FÍSICA
Extensión 176 páginas
650 #4 - ASIENTO SECUNDARIO DE MATERIA - TERMINO TEMATICO
Término de materia o nombre geográfico como elemento de entrada Civismo
Subdivisión general Estudio y enseñanza (Secundaria)
9 (RLIN) 1512
902 ## - ELEMENTOS DE DATOS B LOCAL, LDB (RLIN)
Creó LC16082023
Modificó VíctorGodínez/120923
942 ## - ELEMENTOS DE PUNTO DE ACCESO ADICIONAL (KOHA)
Fuente del sistema de clasificación o colocación Library of Congress Classification
Tipo de ítem Koha Libro
Holdings
Estado de retiro Estado de pérdida Fuente del sistema de clasificación o colocación Estado dañado No para préstamo Código de colección Localización permanente Ubicación/localización actual Ubicación en estantería Fecha de adquisición Clasificación Código de barras Fecha visto por última vez Tipo de ítem Koha
    Library of Congress Classification   Disponible (Préstamo en sala) Libros de texto Bib. Gregorio Torres Quintero Bib. Gregorio Torres Quintero Colecciones especiales Planta alta 16/08/2023 LB1643 M63 L64 1964 130326 16/08/2023 Libro